Lanean...

Snehasamvadam /

Xehetasun bibliografikoak
Egile nagusia: Nitya Chaitanya Yati
Formatua: Printed Book
Hizkuntza:English
Argitaratua: Thrissur: Green Books, c2013.
Gaiak:
LEADER 00508 a2200157 4500
008 150103s9999 000 0 eng
020 |a 8188582301 
082 |a 100 
100 |a Nitya Chaitanya Yati 
245 |a Snehasamvadam / 
260 |a Thrissur:  |b Green Books,  |c c2013. 
300 |a 164 p. 
650 |a Philosophy 
942 |c BK 
999 |c 307472  |d 307472 
952 |0 0  |1 0  |2 ddc  |4 0  |6 M_100_000000000000000_NIT_SN  |7 0  |9 352837  |a DRA  |b DRA  |c ST1  |d 2015-07-01  |i 8687  |l 0  |o M 100 NIT/SN  |p DRA8687  |r 2019-01-03  |v 140.00  |w 2019-01-03  |y BK